000 01058nam a2200289 c 4500
003 BLK
005 20180420231444.0
008 180409b bul|||||r ||||||| ||bul||
010 _aKNG00125838000
040 _aBLK
041 _aBUL
_cBUL
080 _aПолска литература
_b821.162.1
_x-32
_z821.162.1-32
100 1 _aАнджейевски, Йежи
_eпърви автор
_931967
700 1 _aГеновска, Веселина Маринова
_eпрев.
_9316556
139 _aАнджейевски, Йежи
_bА 65
245 1 0 _aНощ
_bПовест
_cЙежи Анджейевски; прев. Веселина Маринова Геновска.
257 _aPOL
260 София
_bНар. младеж
_c1948
300 _a164 с.
_c18 см
380 _aX
500 _a5 000 тир.
852 _aЦб 8.175.28890
856 4 _qpdf
_u
856 4 _qpdf
_u
942 _cKNG
_n0
944 _aCR
_c07.10.2011
_l07.10.2011 - от С1,Р / 07.10.2011
_kВиолета_Тройчева
944 _aED
_c07.10.2011
_l07.10.2011 - от С1,Р / 07.10.2011
_k
999 _c120222
_d120222